书目信息 |
| 题名: |
生物遗传资源价值评估及案例研究
|
|
| 作者: | 丁晖 , 吴健 , 濮励杰 编著 | |
| 分册: | ||
| 出版信息: | 北京 科学出版社 2016.06 |
|
| 页数: | 339页 | |
| 开本: | 26cm | |
| 丛书名: | ||
| 单 册: | ||
| 中图分类: | Q311 | |
| 科图分类: | ||
| 主题词: | 生物资源--种质资源--资源价值--评估--研究--中国 | |
| 电子资源: | ||
| ISBN: | 978-7-03-048562-5 | |
| 000 | 01106nam0 2200265 450 | |
| 001 | 3815 | |
| 005 | 20181008153003.73 | |
| 010 | @a978-7-03-048562-5@dCNY138.00 | |
| 100 | @a20160826d2016 em y0chiy50 ea | |
| 101 | 0 | @achi |
| 102 | @aCN@b110000 | |
| 105 | @aa z 000yy | |
| 200 | 1 | @a生物遗传资源价值评估及案例研究@9sheng wu yi chuan zi yuan jia zhi ping gu ji an li yan jiu@f丁晖, 吴健, 濮励杰编著 |
| 210 | @a北京@c科学出版社@d2016.06 | |
| 215 | @a339页@c图@d26cm | |
| 312 | @a封面英文题名:Evaluation of biological genetic resources and case studies | |
| 330 | @a本书介绍了典型珍稀濒危动植物遗传资源定价体系研究、遗传资源保护成本效益监测研究、遗传资源对区域社会经济发展的作用与地位研究、基于遗传资源价值的管理工具研究,以及构建遗传资源价值评估方法体系等成果。 | |
| 510 | 1 | @aEvaluation of biological genetic resources and case studies@zeng |
| 606 | 0 | @a生物资源@x种质资源@x资源价值@x评估@x研究@y中国 |
| 690 | @aQ311@v5 | |
| 701 | 0 | @a丁晖@9ding hui@4编著 |
| 701 | 0 | @a吴健@9wu jian@4编著 |
| 701 | 0 | @a濮励杰@9pu li jie@4编著 |
| 801 | 0 | @aCN@b91MARC@c20160826 |
| 905 | @aMuseLib@dQ311@e79 | |
| 生物遗传资源价值评估及案例研究/丁晖, 吴健, 濮励杰编著.-北京:科学出版社,2016.06 |
| 339页:图;26cm |
| ISBN 978-7-03-048562-5:CNY138.00 |
| 本书介绍了典型珍稀濒危动植物遗传资源定价体系研究、遗传资源保护成本效益监测研究、遗传资源对区域社会经济发展的作用与地位研究、基于遗传资源价值的管理工具研究,以及构建遗传资源价值评估方法体系等成果。 |
| ● |
| 相关链接 |
|
|
|
|
正题名:生物遗传资源价值评估及案例研究
索取号:Q311/79
 
预约/预借
| 序号 | 登录号 | 条形码 | 馆藏地/架位号 | 状态 | 备注 |
| 1 | 1123835 | 211238356 | 第二样本阅览室/ [索取号:Q311/79] | 在馆 | |
| 2 | 1123836 | 211238365 | 密集书库-生命科学系/ [索取号:Q311/79] | 在馆 | |
| 3 | 1123837 | 211238374 | 第三借阅区/ [索取号:Q311/79] | 在馆 |